Govt. of
Madhya Pradesh

Sitakant Mahapatra (Record no. 16023)

MARC details
000 -LEADER
fixed length control field 003400000a22001570004500
001 - CONTROL NUMBER
control field 004132
003 - CONTROL NUMBER IDENTIFIER
control field MACL
040 ## - CATALOGING SOURCE
Original cataloging agency MACL
090 ## - LOCALLY ASSIGNED LC-TYPE CALL NUMBER (OCLC); LOCAL CALL NUMBER (RLIN)
-- 16125
-- 16124
100 ## - MAIN ENTRY--PERSONAL NAME
Personal name Rath, Sura P.
245 ## - TITLE STATEMENT
Title Sitakant Mahapatra
Statement of responsibility, etc. Sura P. Rath
260 ## - PUBLICATION, DISTRIBUTION, ETC. (IMPRINT)
Place of publication, distribution, etc. Inter I̜ndia Publication,
Date of publication, distribution, etc. 2001
350 ## - PRICE (NR) (BK AM CF MU VM SE) [OBSOLETE]
Price 395
650 ## - SUBJECT ADDED ENTRY--TOPICAL TERM
Topical term or geographic name as entry element Religion
942 ## - ADDED ENTRY ELEMENTS (KOHA)
Call number prefix 291
Koha item type Library Membar
Holdings
Withdrawn status Lost status Source of classification or shelving scheme Damaged status Not for loan Home library Current library Date acquired Cost, normal purchase price Total Checkouts Full call number Barcode Date last seen Uniform Resource Identifier Price effective from Koha item type
          MACL MACL 15/04/2015 395.00   29101309 RAT CRE015082 02/05/2024 15927 15/04/2015 Books